000 00489nam a22001337a 4500
005 20241023094944.0
008 241023b |||||||| |||| 00| 0 eng d
100 _aManipon, Roel Hoang.
_eauthor.
_963376
245 _aGridcrosser :
_bbountiful as a bibimbap /
_cRoel Hoang Manipon.
260 _aPhilippines;
_bPhilippine Graphic Publishing Inc.,
_cFebruary 2020.
300 _aVolume 20, pages 24-29,
_billustration.
700 _aManipon, Roel Hoang.
_eauthor.
_963377
942 _2ddc
_cPER
999 _c22846
_d22846